[Event "3.Città di Padova Op.B, Elo<1900"]
[Site "Padova Ex Fornace Carotta"]
[Date "2000.12.03"]
[Round "2.2"]
[White "Zangrando, Gianpietro"]
[Black "Dimitrijevic, Dragan"]
[Result "0-1"]
[WhiteElo "1662"]
[BlackElo "1864"]
[Annotator "Gabriele Ballarin"]
[PlyCount "86"]
[EventDate "2000.12.02"]
[EventType "swiss"]
[EventRounds "6"]
[EventCountry "ITA"]

1. c4 Nf6 2. Nc3 g6 3. g3 Bg7 4. Bg2 O-O 5. Nf3 d5 6. cxd5 Nxd5 7. O-O Nxc3 8. dxc3 Nc6 9. Qb3 Na5 10. Qa4 c5 11. Rd1 Qb6 12. Bg5 Nc6 13. Rd2 Be6 14. Be3 f6 15. Qa3 Na5 16. b3 Rac8 17. Rad1 a6 18. Ne1 Qc7 19. Nd3 b6 20. Nf4 Bf7 21. Rd7 Qe5 22. Qc1 f5 23. c4 Nc6 24. Bxc6 Rxc6 25. Nd5 Bxd5 26. R1xd5 Qe4 27. Qd2 e5 28. f3 Qb1+ 29. Kg2 f4 30. gxf4 e4 31. Rd8 exf3+ 32. exf3 Rcf6 33. Re5 h5 34. Qd5+ Kh7 35. Rxf8 Qxa2+ 36. Kh3 Rxf8 37. Re7 Qa1 38. b4 Qf1+ 39. Kh4 Qe1+ 40. Kg5 Rf5+ 41. Qxf5 gxf5 42. Kxf5 Qb1+ 43. Re4 Bd4 0-1

[Event "3.Città di Padova Op.B, Elo<1900"]
[Site "Padova Ex Fornace Carotta"]
[Date "2000.12.03"]
[Round "2.3"]
[White "Opacic, Alexandar"]
[Black "Marson, Luca"]
[Result "0-1"]
[WhiteElo "1837"]
[BlackElo "1666"]
[Annotator "Gabriele Ballarin"]
[PlyCount "94"]
[EventDate "2000.12.02"]
[EventType "swiss"]
[EventRounds "6"]
[EventCountry "ITA"]

1. e4 c5 2. Nf3 d6 3. d4 cxd4 4. Nxd4 Nf6 5. Nc3 a6 6. f3 e6 7. Be3 b5 8. Qd2 Nbd7 9. O-O-O Ne5 10. g4 Nc4 11. Bxc4 bxc4 12. h4 Nd7 13. h5 Qa5 14. g5 Nc5 15. g6 f6 16. Rdg1 h6 17. Qe2 Qb4 18. a3 Qb7 19. Qxc4 Qd7 20. Nb3 Nxb3+ 21. cxb3 Bb7 22. Kb1 Rc8 23. Qd3 Be7 24. Na4 Qb5 25. Qxb5+ axb5 26. Nc3 Bc6 27. a4 b4 28. Nb5 Bxb5 29. axb5 Rb8 30. b6 Bd8 31. Rc1 Kd7 32. Rc4 Bxb6 33. Bxb6 Rxb6 34. Kc2 Rc8 35. Kd3 Rb5 36. Rxc8 Kxc8 37. Kc4 Rb7 38. Ra1 Kd7 39. Ra4 Kc6 40. Ra6+ Kd7 41. f4 Kc7 42. Ra8 Kc6 43. Rf8 d5+ 44. Kd4 dxe4 45. Rf7 f5 46. Rf8 Ra7 47. Ke5 e3 0-1

[Event "3.Città di Padova Op.B, Elo<1900"]
[Site "Padova Ex Fornace Carotta"]
[Date "2000.12.03"]
[Round "2.4"]
[White "Carlassara, Renato"]
[Black "Ravagnani, Tiziano"]
[Result "1/2-1/2"]
[WhiteElo "1636"]
[BlackElo "1833"]
[Annotator "Gabriele Ballarin"]
[PlyCount "85"]
[EventDate "2000.12.02"]
[EventType "swiss"]
[EventRounds "6"]
[EventCountry "ITA"]

1. e4 c5 2. d4 cxd4 3. c3 dxc3 4. Nxc3 e6 5. Nf3 Nc6 6. Bc4 a6 7. O-O b5 8. Bb3 Bc5 9. Qe2 Nd4 10. Nxd4 Bxd4 11. Qd3 Bxc3 12. Qxc3 Bb7 13. Qxg7 Qf6 14. Bh6 Qxh6 15. Qxh8 Qg6 16. Qd4 Nf6 17. f3 h5 18. a4 bxa4 19. Bxa4 h4 20. h3 Rd8 21. Rad1 Qg5 22. Qb6 Ba8 23. Qxa6 Qc5+ 24. Rf2 Ke7 25. Qb5 Qa7 26. Qb4+ Ke8 27. Qd4 Qxd4 28. Rxd4 Rc8 29. Rfd2 Rc7 30. Rc2 Ra7 31. Rc8+ Ke7 32. Rh8 e5 33. Rb4 d5 34. exd5 Nxd5 35. Rbxh4 Nf4 36. b3 Ng6 37. Re8+ Kf6 38. Rb4 Bd5 39. Rc8 Nf4 40. Rb6+ Kg7 41. Rc1 Ne2+ 42. Kf2 Nxc1 43. Ke3 1/2-1/2

[Event "3.Città di Padova Op.B, Elo<1900"]
[Site "Padova Ex Fornace Carotta"]
[Date "2000.12.03"]
[Round "2.5"]
[White "Muha, Zdravko"]
[Black "Negro, Raffaele"]
[Result "1-0"]
[WhiteElo "1824"]
[BlackElo "1651"]
[Annotator "Gabriele Ballarin"]
[PlyCount "155"]
[EventDate "2000.12.02"]
[EventType "swiss"]
[EventRounds "6"]
[EventCountry "ITA"]

1. d4 d6 2. Bg5 g6 3. c3 Bg7 4. Nf3 Nf6 5. Nbd2 O-O 6. e4 Nbd7 7. Bc4 e5 8. dxe5 Nxe5 9. Nxe5 dxe5 10. O-O c6 11. Re1 b5 12. Be2 Qb6 13. Be3 Qc7 14. Qc2 Be6 15. Nb3 Bxb3 16. axb3 a5 17. Red1 Rfd8 18. Bc5 Bf8 19. Be3 Rxd1+ 20. Rxd1 Rd8 21. Ra1 Nd7 22. Bg5 f6 23. Bh4 Kg7 24. Rd1 Nc5 25. Rxd8 Qxd8 26. f3 Ne6 27. Bf2 Bc5 28. Bxc5 Nxc5 29. Kf1 Qd6 30. g3 Ne6 31. Qd3 Qxd3 32. Bxd3 Nc5 33. Bc2 g5 34. Ke2 h6 35. h3 Kf8 36. Ke3 Ne6 37. Bd1 Ke7 38. Kd3 Kd6 39. Ke3 Kc5 40. Kd3 h5 41. Ke3 h4 42. gxh4 gxh4 43. Be2 Nf4 44. Bf1 b4 45. Kd2 Kd6 46. Ke3 c5 47. Kd2 Kc6 48. Ke3 Kb6 49. Kd2 Nh5 50. Ke3 Ng3 51. Bc4 Nh5 52. Bf1 Nf4 53. Kd2 Kc7 54. Ke3 Kd6 55. Kd2 Ke7 56. Ke3 Kf7 57. Kd2 Kg6 58. Ke3 f5 59. Kd2 fxe4 60. fxe4 Kg5 61. Ke3 Ne6 62. Be2 Nf4 63. Bg4 Ng6 64. Kd3 Kf4 65. Kc4 Kxe4 66. Kxc5 bxc3 67. bxc3 Nf4 68. Kb5 Kd3 69. c4 e4 70. c5 e3 71. c6 Nd5 72. Kxa5 e2 73. Bxe2+ Kxe2 74. b4 Kd3 75. b5 Kc4 76. b6 Kc5 77. b7 Ne7 78. c7 1-0

[Event "3.Città di Padova Op.B, Elo<1900"]
[Site "Padova Ex Fornace Carotta"]
[Date "2000.12.03"]
[Round "2.6"]
[White "Guclu, Yaman"]
[Black "Di Giacomo, Antonio"]
[Result "1-0"]
[WhiteElo "1795"]
[BlackElo "1633"]
[Annotator "Gabriele Ballarin"]
[PlyCount "31"]
[EventDate "2000.12.02"]
[EventType "swiss"]
[EventRounds "6"]
[EventCountry "ITA"]

1. e4 e5 2. Nf3 d6 3. d4 exd4 4. Qxd4 Nd7 5. Nc3 Ngf6 6. Bc4 h6 7. O-O Be7 8. Re1 O-O 9. h3 Re8 10. Bf4 Nb6 11. Bb3 Bf8 12. Rad1 Be6 13. Bxe6 fxe6 14. e5 Nh5 15. Bh2 dxe5 16. Qxe5 1-0

[Event "3.Città di Padova Op.B, Elo<1900"]
[Site "Padova Ex Fornace Carotta"]
[Date "2000.12.03"]
[Round "2.7"]
[White "Goi, Veronika"]
[Black "Giancotti, Eraldo"]
[Result "0-1"]
[WhiteElo "1633"]
[BlackElo "1790"]
[Annotator "Gabriele Ballarin"]
[PlyCount "34"]
[EventDate "2000.12.02"]
[EventType "swiss"]
[EventRounds "6"]
[EventCountry "ITA"]

1. d4 d6 2. e4 Nf6 3. Bd3 e5 4. c3 d5 5. dxe5 Nxe4 6. Bxe4 dxe4 7. Qa4+ Bd7 8. Qxe4 Bc6 9. Qg4 Nd7 10. Nf3 Qe7 11. O-O O-O-O 12. Re1 Bxf3 13. Qxf3 Nxe5 14. Qf5+ Kb8 15. Bd2 f6 16. f4 Qc5+ 17. Be3 Nf3+ 0-1

[Event "3.Città di Padova Op.B, Elo<1900"]
[Site "Padova Ex Fornace Carotta"]
[Date "2000.12.03"]
[Round "2.8"]
[White "Quaranta, Gaetano"]
[Black "Roberti, Ignazio"]
[Result "0-1"]
[WhiteElo "1609"]
[BlackElo "1760"]
[Annotator "Gabriele Ballarin"]
[PlyCount "92"]
[EventDate "2000.12.02"]
[EventType "swiss"]
[EventRounds "6"]
[EventCountry "ITA"]

1. e4 c5 2. d4 cxd4 3. c3 dxc3 4. Nxc3 Nc6 5. Nf3 d6 6. Bc4 e6 7. O-O Nf6 8. Qe2 Be7 9. Rd1 Qc7 10. Nb5 Qb8 11. Bg5 a6 12. Bxf6 gxf6 13. Nc3 b5 14. Bb3 Bb7 15. Rac1 Qa7 16. a3 Rg8 17. Nxb5 axb5 18. Qxb5 Qa6 19. Ba4 Qxb5 20. Bxb5 Rc8 21. Nd4 Kd7 22. Rc2 e5 23. Nxc6 Bxc6 24. Rxc6 Rxc6 25. Rc1 Rgc8 26. a4 f5 27. a5 Bd8 28. a6 Bb6 29. Ra1 Ke6 30. exf5+ Kxf5 31. g4+ Kxg4 32. Bxc6 Rxc6 33. a7 Bxa7 34. Rxa7 f5 35. Rxh7 Rb6 36. Rd7 Kf3 37. h4 Rxb2 38. Rxd6 Rb1+ 39. Kh2 Kxf2 40. h5 Rb7 41. Rf6 f4 42. Rf5 Re7 43. Rxf4+ exf4 44. Kh3 f3 45. Kg4 Ke2 46. h6 f2 0-1

[Event "3.Città di Padova Op.B, Elo<1900"]
[Site "Padova Ex Fornace Carotta"]
[Date "2000.12.03"]
[Round "2.9"]
[White "Sinato, Fabrizio"]
[Black "Pavon, Michele"]
[Result "1-0"]
[WhiteElo "1749"]
[BlackElo "1603"]
[Annotator "Gabriele Ballarin"]
[PlyCount "55"]
[EventDate "2000.12.02"]
[EventType "swiss"]
[EventRounds "6"]
[EventCountry "ITA"]

1. e4 c5 2. Nf3 d6 3. d4 cxd4 4. Nxd4 Nf6 5. Nc3 a6 6. Bc4 e6 7. Bb3 Nbd7 8. O-O Nc5 9. Bg5 Be7 10. Bxf6 Bxf6 11. Kh1 O-O 12. f4 b5 13. f5 Nxb3 14. axb3 Qb6 15. Ndxb5 Rd8 16. Na3 Bb7 17. fxe6 fxe6 18. Qg4 Kf7 19. Nc4 Qc7 20. Rae1 e5 21. Ne3 Rac8 22. Ncd5 Bxd5 23. Nxd5 Qxc2 24. Qg5 Ke6 25. Rxf6+ gxf6 26. Qxf6+ Kd7 27. Qe7+ Kc6 28. Nb4+ 1-0

[Event "3.Città di Padova Op.B, Elo<1900"]
[Site "Padova Ex Fornace Carotta"]
[Date "2000.12.03"]
[Round "2.10"]
[White "Solinas, Roberto"]
[Black "Maccapan, Fabio"]
[Result "1/2-1/2"]
[WhiteElo "1606"]
[BlackElo "1738"]
[Annotator "Gabriele Ballarin"]
[PlyCount "41"]
[EventDate "2000.12.02"]
[EventType "swiss"]
[EventRounds "6"]
[EventCountry "ITA"]

1. d4 d5 2. Nf3 c6 3. e3 Nf6 4. Bd3 Bg4 5. Nbd2 Nbd7 6. O-O e5 7. dxe5 Nxe5 8. Be2 Nxf3+ 9. Bxf3 Bf5 10. b3 Bd6 11. Bb2 O-O 12. c4 Ne4 13. cxd5 cxd5 14. Nxe4 dxe4 15. Bg4 Bxh2+ 16. Kxh2 Qh4+ 17. Kg1 Bxg4 18. Qd4 Qg5 19. Qxe4 Be6 20. Qe5 Qxe5 21. Bxe5 1/2-1/2

[Event "3.Città di Padova Op.B, Elo<1900"]
[Site "Padova Ex Fornace Carotta"]
[Date "2000.12.03"]
[Round "2.11"]
[White "Zotti, Enrico"]
[Black "Barbetta, Cosimo"]
[Result "1-0"]
[WhiteElo "1734"]
[BlackElo "1600"]
[Annotator "Gabriele Ballarin"]
[PlyCount "111"]
[EventDate "2000.12.02"]
[EventType "swiss"]
[EventRounds "6"]
[EventCountry "ITA"]

1. e4 c5 2. Nf3 Nc6 3. d4 cxd4 4. Nxd4 e5 5. Nb5 a6 6. Nd6+ Bxd6 7. Qxd6 Nf6 8. Nc3 Qe7 9. Qd1 O-O 10. Bg5 Qe6 11. Qd2 Nd4 12. Bxf6 Qxf6 13. Nd5 Qd8 14. O-O-O b5 15. f4 d6 16. c3 Ne6 17. h4 Bb7 18. f5 Nc5 19. Qe3 Bxd5 20. Rxd5 Qb6 21. Kb1 Rfd8 22. Be2 b4 23. c4 a5 24. g4 a4 25. g5 Nd7 26. Qxb6 Nxb6 27. Rb5 Rab8 28. Rxb4 Rdc8 29. Rd1 a3 30. b3 Rc6 31. Rb5 Kf8 32. Kc2 Rbc8 33. Ra5 Ra8 34. Rxa8+ Nxa8 35. Rd5 Nc7 36. Ra5 f6 37. gxf6 gxf6 38. b4 Ra6 39. Rxa6 Nxa6 40. Kb3 Nc7 41. Kxa3 Ke7 42. b5 Kd8 43. Kb4 Na8 44. a4 Kc7 45. a5 Kb7 46. c5 dxc5+ 47. Kxc5 Nc7 48. a6+ Kb8 49. b6 Na8 50. Bb5 h5 51. Bc6 Kc8 52. Bxa8 Kb8 53. Bc6 Kc8 54. a7 Kd8 55. a8=Q+ Ke7 56. Qe8# 1-0

[Event "3.Città di Padova Op.B, Elo<1900"]
[Site "Padova Ex Fornace Carotta"]
[Date "2000.12.03"]
[Round "2.12"]
[White "Crestani, Federico"]
[Black "Morganti, Lionello"]
[Result "0-1"]
[WhiteElo "1480"]
[BlackElo "1726"]
[Annotator "Gabriele Ballarin"]
[PlyCount "94"]
[EventDate "2000.12.02"]
[EventType "swiss"]
[EventRounds "6"]
[EventCountry "ITA"]

1. d4 Nf6 2. c4 g6 3. Nc3 Bg7 4. e4 d6 5. Be2 O-O 6. h3 Nc6 7. Be3 e5 8. Nf3 exd4 9. Nxd4 Nxd4 10. Bxd4 Re8 11. Qd3 Be6 12. g4 Nd7 13. Bxg7 Kxg7 14. O-O-O Qg5+ 15. Kb1 Ne5 16. Qd4 Kg8 17. h4 Qe7 18. Nd5 Bxd5 19. exd5 Nd7 20. Rde1 Qe4+ 21. Qd3 Nc5 22. Qc2 Re5 23. b4 Rae8 24. bxc5 Qxc2+ 25. Kxc2 Rxe2+ 26. Rxe2 Rxe2+ 27. Kd3 Rxf2 28. cxd6 cxd6 29. c5 dxc5 30. d6 Rf6 31. Kc4 Rxd6 32. Kxc5 Rd2 33. a4 Ra2 34. Kb5 a6+ 35. Kb4 Re2 36. Rg1 Re5 37. Rg3 h5 38. gxh5 Rxh5 39. Rg4 Re5 40. Rd4 Re7 41. Rf4 Kg7 42. h5 Kh6 43. hxg6 fxg6 44. Kc5 Kh5 45. Rd4 g5 46. Kd6 Rf7 47. Ke6 Rf4 0-1

[Event "3.Città di Padova Op.B, Elo<1900"]
[Site "Padova Ex Fornace Carotta"]
[Date "2000.12.03"]
[Round "2.13"]
[White "De Napoli, Giuseppe"]
[Black "De Nard, Stefano"]
[Result "1-0"]
[WhiteElo "1723"]
[BlackElo "1518"]
[Annotator "Gabriele Ballarin"]
[PlyCount "73"]
[EventDate "2000.12.02"]
[EventType "swiss"]
[EventRounds "6"]
[EventCountry "ITA"]

1. d4 Nf6 2. Nf3 g6 3. Bg5 Ne4 4. Bf4 Bg7 5. e3 d5 6. Bd3 O-O 7. Nbd2 Nxd2 8. Qxd2 b6 9. O-O Bb7 10. c3 Nd7 11. Qe2 Nf6 12. Ne5 Nh5 13. Rfe1 Nxf4 14. exf4 e6 15. Qg4 c5 16. h4 Bxe5 17. fxe5 h5 18. Qh3 Kg7 19. Re3 cxd4 20. cxd4 Qe7 21. a3 Rac8 22. Rae1 Rc7 23. Rf3 Rh8 24. Rf6 Rh6 25. Re3 Bc6 26. g4 Ba4 27. Ref3 Qe8 28. gxh5 Rxh5 29. Rg3 Rh6 30. Qg4 Bc2 31. Bxc2 Rxc2 32. h5 Qh8 33. Qg5 Qh7 34. Rff3 Rxh5 35. Qf6+ Kf8 36. Qd8+ Kg7 37. Rxf7+ 1-0

[Event "3.Città di Padova Op.B, Elo<1900"]
[Site "Padova Ex Fornace Carotta"]
[Date "2000.12.03"]
[Round "2.14"]
[White "Gobbato, Paolo"]
[Black "Gennari, Leone"]
[Result "0-1"]
[WhiteElo "1600"]
[BlackElo "1705"]
[Annotator "Gabriele Ballarin"]
[PlyCount "78"]
[EventDate "2000.12.02"]
[EventType "swiss"]
[EventRounds "6"]
[EventCountry "ITA"]

1. d4 Nf6 2. c4 g6 3. Nc3 Bg7 4. e4 d6 5. Nf3 O-O 6. Bd3 Nbd7 7. O-O e5 8. d5 a5 9. Re1 Nc5 10. Bc2 Nfd7 11. h3 f5 12. Bg5 Qe8 13. Nd2 f4 14. Bh4 h6 15. f3 g5 16. Bf2 b6 17. Na4 Qg6 18. Nf1 h5 19. Nh2 Kh8 20. Nxc5 Nxc5 21. Qe2 Bd7 22. Bd1 Bf6 23. Rf1 Rf7 24. Be1 Rg8 25. Rb1 Rfg7 26. Rf2 g4 27. fxg4 hxg4 28. hxg4 Qxe4 29. Qxe4 Nxe4 30. Re2 Nc5 31. Rf2 Nd3 32. Rf1 Nxe1 33. Rxe1 Bh4 34. Rf1 Bg3 35. Nf3 Bxg4 36. a3 Bf5 37. Rc1 Bd3 38. Bc2 Bxf1 39. Rxf1 Rf8 0-1

[Event "3.Città di Padova Op.B, Elo<1900"]
[Site "Padova Ex Fornace Carotta"]
[Date "2000.12.03"]
[Round "2.15"]
[White "Allegranti, Luca"]
[Black "Lucisano, Pierbasilio"]
[Result "1-0"]
[WhiteElo "1702"]
[BlackElo "1485"]
[Annotator "Gabriele Ballarin"]
[PlyCount "113"]
[EventDate "2000.12.02"]
[EventType "swiss"]
[EventRounds "6"]
[EventCountry "ITA"]

1. d4 Nf6 2. Bg5 e6 3. e4 h6 4. Bxf6 Qxf6 5. Nf3 c5 6. c3 cxd4 7. cxd4 b6 8. Nc3 Bb7 9. Be2 Bb4 10. e5 Qd8 11. O-O O-O 12. Rc1 Bxc3 13. Rxc3 Nc6 14. Ne1 Ne7 15. Bf3 Bxf3 16. Nxf3 Nd5 17. Ra3 Qe7 18. Nd2 Rfc8 19. Rg3 Rc7 20. Ne4 Qb4 21. Qg4 g6 22. Nd6 Qd2 23. Nxf7 Nf4 24. Rf3 Rc1 25. Re3 Rxf1+ 26. Kxf1 Qc1+ 27. Re1 Qc4+ 28. Kg1 Qxd4 29. Nxh6+ Kg7 30. Qg5 Rf8 31. Ng4 Qd2 32. Qh6+ Kf7 33. Rf1 Ke8 34. g3 Ne2+ 35. Kg2 Qxh6 36. Nxh6 Nd4 37. Ng4 Ke7 38. Rd1 Nc6 39. h4 Rc8 40. f4 Nb4 41. Nf6 Nd5 42. Nxd5+ exd5 43. Rd2 Ke6 44. Kf3 Rc4 45. Kg4 Re4 46. Kg5 Re3 47. Rg2 d4 48. Kxg6 d3 49. g4 Re2 50. Rg3 d2 51. Rd3 Rf2 52. Rd6+ Ke7 53. f5 Rf4 54. Kg5 Re4 55. Rxd2 Rxe5 56. h5 d5 57. Kg6 1-0

[Event "3.Città di Padova Op.B, Elo<1900"]
[Site "Padova Ex Fornace Carotta"]
[Date "2000.12.03"]
[Round "2.16"]
[White "Pilotto, Alessandro"]
[Black "Lain, Luigi"]
[Result "0-1"]
[WhiteElo "1600"]
[BlackElo "1804"]
[Annotator "Gabriele Ballarin"]
[PlyCount "40"]
[EventDate "2000.12.02"]
[EventType "swiss"]
[EventRounds "6"]
[EventCountry "ITA"]

1. d4 d5 2. h3 Nf6 3. Bf4 Bf5 4. e3 e6 5. Nf3 Bd6 6. Ne5 c6 7. Nd2 O-O 8. Be2 Qe7 9. O-O h6 10. c4 c5 11. cxd5 cxd4 12. dxe6 dxe3 13. exf7+ Kh7 14. Ndc4 exf2+ 15. Rxf2 Bc5 16. Bd3 Bxf2+ 17. Kxf2 Ne4+ 18. Kf3 Ng5+ 19. Kf2 Ne4+ 20. Ke3 Qc5+ 0-1

[Event "3.Città di Padova Op.B, Elo<1900"]
[Site "Padova Ex Fornace Carotta"]
[Date "2000.12.03"]
[Round "2.17"]
[White "Carini, Massimo"]
[Black "Borgato, Alessandro"]
[Result "1-0"]
[WhiteElo "1881"]
[BlackElo "1600"]
[Annotator "Gabriele Ballarin"]
[PlyCount "67"]
[EventDate "2000.12.02"]
[EventType "swiss"]
[EventRounds "6"]
[EventCountry "ITA"]

1. e4 e5 2. Nf3 Nc6 3. Bc4 Bc5 4. Qe2 Nf6 5. Ng5 O-O 6. Nxf7 Rxf7 7. Bxf7+ Kxf7 8. Qc4+ d5 9. Qxc5 Nxe4 10. Qe3 Nd4 11. Na3 Qe7 12. O-O Bd7 13. d3 Nf6 14. c3 Ng4 15. Qg5 Ne2+ 16. Kh1 Nxc1 17. Qxe7+ Kxe7 18. Raxc1 Rf8 19. Kg1 Kd6 20. h3 Nh6 21. c4 Rf6 22. cxd5 Rg6 23. Kh2 Nf5 24. Nc4+ Kxd5 25. Ne3+ Nxe3 26. fxe3 Bc6 27. e4+ Kd6 28. b4 Bb5 29. Rc5 Bd7 30. Rd5+ Ke6 31. Rf5 c6 32. Rdxe5+ Kd6 33. Rg5 Rf6 34. Ra5 1-0

[Event "3.Città di Padova Op.B, Elo<1900"]
[Site "Padova Ex Fornace Carotta"]
[Date "2000.12.03"]
[Round "2.18"]
[White "Busà, Michele"]
[Black "Zanirato, Stefano"]
[Result "1/2-1/2"]
[WhiteElo "1600"]
[BlackElo "1683"]
[Annotator "Gabriele Ballarin"]
[PlyCount "58"]
[EventDate "2000.12.02"]
[EventType "swiss"]
[EventRounds "6"]
[EventCountry "ITA"]

1. Nf3 d5 2. g3 Nc6 3. d4 Bf5 4. Bg2 e6 5. c3 Be7 6. O-O g5 7. Nbd2 h5 8. Ne1 h4 9. e4 dxe4 10. g4 Bg6 11. Nxe4 f5 12. gxf5 exf5 13. Nd2 h3 14. Bh1 Rh4 15. f3 Nf6 16. Qe2 Qd7 17. Nc4 Nd5 18. Bxg5 Rh7 19. Nd3 O-O-O 20. Nde5 Nxe5 21. Nxe5 Qd6 22. Bxe7 Rxe7 23. f4 Rg7 24. Kf2 Nxf4 25. Qf3 Ng2 26. Qxh3 Qb6 27. Nc4 Qe6 28. Ne5 Qb6 29. Nc4 Qe6 1/2-1/2

[Event "3.Città di Padova Op.B, Elo<1900"]
[Site "Padova Ex Fornace Carotta"]
[Date "2000.12.03"]
[Round "2.19"]
[White "Tomio, Dante"]
[Black "Meggiorin, Orlando"]
[Result "1-0"]
[WhiteElo "1635"]
[BlackElo "1600"]
[Annotator "Gabriele Ballarin"]
[PlyCount "49"]
[EventDate "2000.12.02"]
[EventType "swiss"]
[EventRounds "6"]
[EventCountry "ITA"]

1. e4 c5 2. Nf3 Nc6 3. d4 cxd4 4. Nxd4 Nxd4 5. Qxd4 d6 6. c4 e5 7. Qd1 Nf6 8. Nc3 a6 9. Bg5 Be7 10. Qd2 O-O 11. O-O-O Be6 12. Bxf6 Bxf6 13. Kb1 Be7 14. Nd5 Bxd5 15. Qxd5 b5 16. cxb5 axb5 17. Qxb5 Ra5 18. Qb3 Qa8 19. Rd5 Ra4 20. Bc4 Rb8 21. Rb5 Rxb5 22. Bxb5 Rxe4 23. Rc1 Bg5 24. Qd5 Ra4 25. Bxa4 1-0

[Event "3.Città di Padova Op.B, Elo<1900"]
[Site "Padova Ex Fornace Carotta"]
[Date "2000.12.03"]
[Round "2.20"]
[White "Sedani, Elisa"]
[Black "Velluti, Alberto"]
[Result "1/2-1/2"]
[WhiteElo "1533"]
[BlackElo "1630"]
[Annotator "Gabriele Ballarin"]
[PlyCount "93"]
[EventDate "2000.12.02"]
[EventType "swiss"]
[EventRounds "6"]
[EventCountry "ITA"]

1. e4 e5 2. Nf3 Nc6 3. d4 exd4 4. Bc4 Nf6 5. O-O d6 6. Nxd4 Nxd4 7. Qxd4 Be6 8. Nc3 Bxc4 9. Qxc4 Be7 10. Bg5 O-O 11. Rad1 Ng4 12. Bxe7 Qxe7 13. h3 Ne5 14. Qd5 Nc6 15. f4 a5 16. a3 a4 17. Qd3 Rfe8 18. f5 f6 19. Qg3 Qe5 20. Rf4 Nd4 21. Qf2 c5 22. Nd5 Rac8 23. c3 Nb5 24. Nb6 Rc6 25. Nd5 Nc7 26. Re1 Nxd5 27. exd5 Qxe1+ 28. Qxe1 Rxe1+ 29. Kf2 Rb1 30. dxc6 Rxb2+ 31. Kg3 bxc6 32. Rxa4 Rb3 33. Ra8+ Kf7 34. Ra7+ Ke8 35. a4 Rxc3+ 36. Kf4 d5 37. a5 g5+ 38. fxg6 hxg6 39. a6 Ra3 40. Rg7 g5+ 41. Kf5 Rxa6 42. Ke6 Kd8 43. Kd6 Kc8 44. Kxc5 Kd8 45. Rf7 Ke8 46. Rxf6 d4 47. Rd6 1/2-1/2

[Event "3.Città di Padova Op.B, Elo<1900"]
[Site "Padova Ex Fornace Carotta"]
[Date "2000.12.03"]
[Round "2.21"]
[White "Bonani, Georg"]
[Black "Menegollo, Carlo"]
[Result "1-0"]
[WhiteElo "1626"]
[BlackElo "1500"]
[Annotator "Gabriele Ballarin"]
[PlyCount "91"]
[EventDate "2000.12.02"]
[EventType "swiss"]
[EventRounds "6"]
[EventCountry "ITA"]

1. e4 c5 2. Nf3 e6 3. d4 cxd4 4. Nxd4 a6 5. Nc3 Qc7 6. Bd3 Bd6 7. Nf3 Nc6 8. Be3 Rb8 9. a4 Nge7 10. Qd2 Ng6 11. Rd1 Bb4 12. O-O O-O 13. h4 Nce5 14. Nxe5 Bxc3 15. bxc3 Qxe5 16. g4 h5 17. f4 Qa5 18. f5 Ne5 19. gxh5 Ng4 20. Bf4 Qc5+ 21. Kh1 e5 22. h6 exf4 23. hxg7 Re8 24. Qxf4 Nf6 25. Qxb8 d6 26. Rde1 Qe5 27. Qa7 Ng4 28. Qg1 Nf6 29. c4 Bd7 30. Qg5 Bxa4 31. Qh6 Nh7 32. Qf4 Qe7 33. f6 Qe6 34. Qf5 Qe5 35. Qxe5 Rxe5 36. Kh2 Re6 37. e5 dxe5 38. Bxh7+ Kxh7 39. Rg1 Kg8 40. Rgf1 Bxc2 41. Re3 a5 42. h5 Bh7 43. h6 b6 44. Rd1 Re8 45. Rxe5 Rb8 46. Rde1 1-0

[Event "3.Città di Padova Op.B, Elo<1900"]
[Site "Padova Ex Fornace Carotta"]
[Date "2000.12.03"]
[Round "2.22"]
[White "Musiani, Carlo"]
[Black "Spessato, Gianluca"]
[Result "1/2-1/2"]
[WhiteElo "1458"]
[BlackElo "1642"]
[Annotator "Gabriele Ballarin"]
[PlyCount "58"]
[EventDate "2000.12.02"]
[EventType "swiss"]
[EventRounds "6"]
[EventCountry "ITA"]

1. d4 f5 2. Nf3 Nf6 3. e3 g6 4. c4 d6 5. Nc3 Bg7 6. Qb3 c6 7. Be2 O-O 8. O-O Kh8 9. Bd3 Qc7 10. e4 fxe4 11. Bxe4 Nxe4 12. Nxe4 Nd7 13. Bg5 e5 14. Be7 Nc5 15. dxc5 Qxe7 16. cxd6 Qd7 17. Rad1 b6 18. Rfe1 Bb7 19. c5 b5 20. Neg5 Rae8 21. Re4 Bc8 22. Nxh7 Kxh7 23. Ng5+ Kh6 24. Qe3 Rf4 25. Nh3 g5 26. Nxf4 gxf4 27. Qe1 Qf5 28. f3 Bf6 29. Qd2 Bd7 1/2-1/2

[Event "3.Città di Padova Op.B, Elo<1900"]
[Site "Padova Ex Fornace Carotta"]
[Date "2000.12.03"]
[Round "2.23"]
[White "Viola, Matteo"]
[Black "Alessi, Giovanni"]
[Result "1-0"]
[WhiteElo "1898"]
[BlackElo "1500"]
[Annotator "Gabriele Ballarin"]
[PlyCount "55"]
[EventDate "2000.12.02"]
[EventType "swiss"]
[EventRounds "6"]
[EventCountry "ITA"]

1. e4 e6 2. d4 c5 3. Nf3 cxd4 4. Nxd4 Bc5 5. Be3 Qb6 6. b3 Nf6 7. Nc3 Qa5 8. Qd3 a6 9. Bd2 Bb4 10. Be2 d5 11. O-O dxe4 12. Nxe4 Nxe4 13. Bxb4 Qxb4 14. Qxe4 Nd7 15. c4 Nf6 16. Qe5 O-O 17. Kh1 Bd7 18. f4 Rac8 19. f5 exf5 20. Nxf5 Rfe8 21. Qb2 Bc6 22. Nxg7 Rxe2 23. Qxe2 Kxg7 24. Qe5 Bxg2+ 25. Kxg2 Qd2+ 26. Kh1 Qh6 27. Rxf6 Qxf6 28. Rg1+ 1-0

[Event "3.Città di Padova Op.B, Elo<1900"]
[Site "Padova Ex Fornace Carotta"]
[Date "2000.12.03"]
[Round "2.24"]
[White "Arras, Antonio"]
[Black "Favero, Graziano"]
[Result "0-1"]
[WhiteElo "1500"]
[BlackElo "1621"]
[Annotator "Gabriele Ballarin"]
[PlyCount "48"]
[EventDate "2000.12.02"]
[EventType "swiss"]
[EventRounds "6"]
[EventCountry "ITA"]

{[%evp 0,45,22,22,83,75,88,88,75,78,64,64,42,23,15,29,29,-17,-54,-58,-54,-122,-126,-113,-119,-123,-123,-121,-139,-171,-86,-195,-56,-256,-286,-277,-233,-241,-247,-236,-256,-242,-254,-365,-344,-379,-345,-470]} 1. e4 d6 2. Nf3 g6 3. d4 Bg7 4. Nc3 Nf6 5. Bc4 O-O 6. Bg5 Nxe4 7. Nxe4 d5 8. Bxd5 Qxd5 9. Qd3 Bf5 10. Nfd2 Qxd4 11. Qxd4 Bxd4 12. c3 Bg7 13. O-O-O Nc6 14. Rhe1 Ne5 15. Nf1 Rad8 16. Re3 f6 17. Bf4 Nc4 18. Ree1 Rxd1+ 19. Kxd1 Nxb2+ 20. Kc2 Na4 21. Bxc7 Rc8 22. Ba5 b6 23. Kb3 bxa5 24. Kxa4 Rc4+ 0-1

[Event "3.Città di Padova Op.B, Elo<1900"]
[Site "Padova Ex Fornace Carotta"]
[Date "2000.12.03"]
[Round "2.25"]
[White "Figus, Maurizio"]
[Black "Baracchi, Leonardo"]
[Result "1-0"]
[WhiteElo "1765"]
[BlackElo "1500"]
[Annotator "Gabriele Ballarin"]
[PlyCount "83"]
[EventDate "2000.12.02"]
[EventType "swiss"]
[EventRounds "6"]
[EventCountry "ITA"]

1. e4 e5 2. Nf3 Nc6 3. d4 exd4 4. Nxd4 Nf6 5. Nxc6 bxc6 6. e5 Nd5 7. Bc4 Bb7 8. O-O Bc5 9. Qg4 g6 10. Bg5 Be7 11. Bh6 f5 12. exf6 Nxf6 13. Qd4 d5 14. Re1 Kf7 15. Bb3 Re8 16. Nd2 Bf8 17. Bg5 Bg7 18. Nf3 Ne4 19. Bxd8 Bxd4 20. Nxd4 Raxd8 21. c3 Nc5 22. Bc2 Rxe1+ 23. Rxe1 Re8 24. Rxe8 Kxe8 25. f3 Kd7 26. Kf2 Ba6 27. Ke3 Ne6 28. h4 c5 29. Nb3 Kd6 30. h5 gxh5 31. Bxh7 Ke5 32. g3 d4+ 33. cxd4+ cxd4+ 34. Kf2 c5 35. Bg8 c4 36. Bxe6 cxb3 37. Bxb3 d3 38. Ke3 Kf5 39. Bg8 h4 40. gxh4 d2 41. Kxd2 Kf4 42. Bd5 1-0